000
00288nam a22001217a 4500
008
170714b xxu||||| |||| 00| 0 eng d
041
_a
eng
080
_2
5 ED
_a
030
100
_a
26
101
_a
FJA
245
_a
A DICTIONARY OF STATISTICAL TERMS
_c
MARRIOT.F.H.C
942
_2
udc
_c
BK
999
_c
20950
_d
20950